Malcolm todd - bleed lyrics - Statistics

General Stats
  • This quiz has been taken 66 times
  • The average score is 160 of 208
Answer Stats
Answer % Correct
a
98%
You
98%
you
98%
heart
96%
(Heart
96%
my
96%
(my
96%
I
94%
bleeds
92%
(bleeds)
92%
bleeds)
92%
Bleeds
92%
bleeds,
92%
about
90%
can
90%
Do
90%
do
90%
how
90%
How
90%
(how
90%
me
90%
me?
90%
me,
90%
me)
90%
wanna
90%
(Wanna
90%
when
90%
know
88%
Know,
88%
know?
88%
know)
88%
control
86%
Control
86%
control)
86%
of
86%
Take
86%
take
86%
(take
86%
around,
80%
Around
80%
your
80%
Got
71%
talk
71%
the
71%
to
71%
it
69%
relax
69%
Who
69%
who
69%
Get
67%
ribcage
67%
swear,
67%
hands
65%
(hands,
65%
hands)
65%
face
63%
off,
63%
off
63%
pretend
63%
Put
63%
are
61%
glued
61%
want,
61%
mask
59%
Sociopath
59%
(sociopath),
59%
be
57%
can't
57%
math
57%
see
57%
really
55%
after
53%
but
53%
first,
53%
gotta
53%
script
53%
dance
51%
dance)
51%
last
51%
We
51%
we
51%
hit
49%
Our
49%
Until
49%
You're
49%
you're
49%
souls
47%
grave
45%
(grave)
45%
baby
41%
match
41%
(oh,
41%
under
41%
what's
41%
ah
35%
And
35%
erase
35%
('Bout
33%
'bout
33%
you've
31%
(Okay,
27%
okay,
27%
okay)
27%
(okay,
27%
'cage)
12%
Feel
6%
uh-huh)
4%
No matching quizzes found
Score Distribution
Percent of People with Each Score
Percentile by Number Answered
Your Score History
You have not taken this quiz